| 000 | 01488nam0a22003611 4500 | ||
|---|---|---|---|
| 001 | v19\rc\1889572 | ||
| 005 | 20260406153932.0 | ||
| 035 | _a(NLR Aleph) 004989385 | ||
| 090 |
_a6269505 _c6269505 |
||
| 100 | _a20080221d1910 u y0rusy50 ca | ||
| 101 | 1 |
_arus _cger |
|
| 102 | _aRU | ||
| 105 | _ac z ||||| | ||
| 200 | 1 |
_aАфоризмы житейской мудрости _fАртур Шопенгауэр _gпер. с нем. Н.М. Губского |
|
| 210 |
_aС.-Петербург _cакционерное общество типографского дела в Санкт-Петербурге "Герольд" _d[1910] |
||
| 215 |
_a231 с., 1 л. фронт. (портр.) _d15 |
||
| 225 | 1 |
_aВсеобщая библиотека _v73, 74, 75 |
|
| 606 | 1 |
_aФилософия немецкая _z19 в. _91112750 _3RU\NLR\AUTH\66120059 |
|
| 686 | 0 |
_aЮ3(4Г)5-573.3я48 _2rubbk |
|
| 700 | 1 |
_7ca _8rus _aШопенгауэр _bА. _f1788-1860 _gАртур _9116589 _3RU\NLR\AUTH\776640 |
|
| 702 | 1 |
_aГубский _bН. М. _gНиколай Михайлович _4730 |
|
| 790 | 1 |
_9z01700 _aШопенгауер _bА. _f1788-1860 _gАртур |
|
| 801 | 0 |
_aRU _bNLR _gpsbo |
|
| 801 | 0 |
_aRU _bRuMoRGB _2psbo |
|
| 801 | 1 |
_aRU _bProSoft-M _2rusmarc |
|
| 801 | 2 |
_aRU _bNLR _c20130529 _2rusmarc |
|
| 852 |
_aNLR _j37.32.10.1 (73-75) |
||
| 852 |
_aNLR _bМф _jК1/14860 |
||
| 899 |
_aRuMoRGB _jP 102/578 |
||
| 899 |
_aRuMoRGB _jФ 1-74/14551 |
||
| 899 | _aНБ СПбГУ | ||
| 942 | _cBOOK | ||
| 980 | _aNB | ||